| 000 | 00956nam a2200289Ia 4500 | ||
|---|---|---|---|
| 001 | Para_1604 | ||
| 003 | CHAP | ||
| 008 | 220125s1983 xx 000 0 und d | ||
| 010 | _a204535 | ||
| 040 | _cCHAP | ||
| 090 | _aPA FOLLETO 3473 | ||
| 100 |
_aCepeda Siller, Melchor _921318 |
||
| 245 |
_aNemátodos asociados al cultivo del manzano Pyrus malus L. en el municipio de Arteaga, Coahuila / _c por Melchor Cepeda Siller y Ramón Jaime Arguindegui Peña |
||
| 260 |
_aSaltillo, Coah. : _b Universidad Autónoma Agraría "Antonio Narro" |
||
| 300 | _a75 h. | ||
| 440 |
_aBoletín; 5 _9170459 |
||
| 650 |
_aManzana _x Coahuila _970748 |
||
| 650 |
_aNemátodos _x parásitos de plantas _9164196 |
||
| 700 |
_aArguindegui Peña, Ramon Jaime _9170460 |
||
| 901 | _aPA FOLLETO 3473 | ||
| 902 | _aA | ||
| 905 | _a0000001983 0000000000 00 | ||
| 910 | _a1983 | ||
| 942 | _cPARA | ||
| 942 |
_cPARA _d1 |
||
| 999 |
_c204535 _d204535 |
||